ANCIENT CYNICISM AND MODERN PHILOSOPHY

Bibliographic Details
Main Author: Desmond, William (Author)
Format: Article
Language:Slovak
English

MARC

LEADER 00000nab a2200000 a 4500
001 vtls010705111
003 SK-MaSNL
005 20260304192548.0
008 250709s2011 xo |||||||||||||||||slo|
035 |a (urnnbn)urn:nbn:sk:snk:ar-a03zb5 
035 |a (uuid)8f6c6591-2fef-4015-a2af-c47f1c9a88d2 
035 |a urn:nbn:sk:snk-ab39qh 
040 |a SNKBUCL  |b slo  |c SNKBUCL  |e AACR2 
041 0 |a eng 
044 |a xo  |c SK 
100 1 |a Desmond, William  |4 aut  |9 1525489 
245 1 0 |a ANCIENT CYNICISM AND MODERN PHILOSOPHY  |c William Desmond 
773 0 |t Filozofia  |g Roč. 66, č. 6 (2011), s. 571-576 
850 |a Slovenská národná knižnica 
852 |a Slovenská národná knižnica 
954 |a odborná, vedecká literatúra cudzojazyčná (svetová)  |2 lita 
954 |a odborná, vedecká literatúra pôvodná (slovenská)  |2 lita 
958 |a article1 
958 |a OND 
958 |a EUIPO 
999 |c 3062829  |d 3064759